logo

Bir Sreshtho Munshi Abdur Rouf Library
Jhenaidah Cadet College

Molecules in motion. (Record no. 9007)

MARC details
000 -LEADER
fixed length control field 00786nam a2200277 a 4500
001 - CONTROL NUMBER
JCCL Control Number 9007
003 - CONTROL NUMBER IDENTIFIER
JCCL marc code BD-JhCC
005 - DATE AND TIME OF LATEST TRANSACTION
control field 20180925170559.0
008 - FIXED-LENGTH DATA ELEMENTS--GENERAL INFORMATION
fixed length control field 180307s1950 enka 001 0 eng d
035 ## - SYSTEM CONTROL NUMBER
system control number (BD-JhCC)9007
035 ## - SYSTEM CONTROL NUMBER
system control number (OCoLC)10541924
040 ## - CATALOGING SOURCE
Original cataloging agency BD-JhCC
Transcribing agency MnU
Modifying agency Uk
-- BD-JhCC
041 ## - LANGUAGE CODE
Language code of Book eng
050 00 - LIBRARY OF CONGRESS CALL NUMBER
Classification number QC161
Item number .C68
082 ## - DEWEY DECIMAL CLASSIFICATION NUMBER
Classification number 533
Author mark and Year COW 1960
100 1# - MAIN ENTRY--PERSONAL NAME
Personal name Cowling, T. G.
Fuller form of name (Thomas George)
245 10 - TITLE STATEMENT
Title Molecules in motion.
260 ## - PUBLICATION, DISTRIBUTION, ETC. (IMPRINT)
Place of publication, distribution, etc London,
-- New York,
Name of publisher, distributor, etc New York,
-- Hutchinson's University Library,
Date of publication, distribution, etc 1950.
300 ## - PHYSICAL DESCRIPTION
Pagination 183 p.
Other physical details diagrs.
Dimensions 19 cm.
490 0# - SERIES STATEMENT
Series statement Hutchinson's university library: Mathematical and physical sciencs,
Volume number/sequential designation no. 44
504 ## - BIBLIOGRAPHY, ETC. NOTE
Bibliography, etc Includes Index
650 #0 - SUBJECT ADDED ENTRY--TOPICAL TERM
Topical term or geographic name as entry element Gases.
650 #0 - SUBJECT ADDED ENTRY--TOPICAL TERM
Topical term or geographic name as entry element Molecules.
942 ## - ADDED ENTRY ELEMENTS (KOHA)
Source of classification or shelving scheme Dewey Decimal Classification
Koha item type Books
Holdings
Source of classification or shelving scheme Damaged status Not for loan Home library Current library Shelving location Date of accession Total Checkouts Full call number Barcode Date last seen Copy number Koha item type
Dewey Decimal Classification     JCC Rouf Library JCC Rouf Library General Stacks 03/07/2018   533 COW 1960 11670 03/07/2018 C-1 Books

JCC Library | Contacts | JCC Home

Last Update on 23 September 2017
Copyright @ 2017-2020 JCC Rouf Library
Rouf Library, Jhenidah Cadet College (JCC), Bangladesh